Об оказании поддержки студенческому кооперативу "Наука и Труд" при САГУ

Доступно только в Электронных читальных залах Найти на картеНа карте
RUSMARC
00004092nac2a22002773x 450
001d5bb747a-48f9-4454-a178-3b5de8b69555
00520221227112012.0
100##$a20221117l19261926k y0rusy50 ca
1010#$arus
$amul
102##$aRU
105##$ay z |||||
1222#$ad19260720
$ad19260724
2001#$aОб оказании поддержки студенческому кооперативу "Наука и Труд" при САГУ
$j20.07.1926 - 24.07.1926
215##$a7 листов
251##$cДело
300##$aЧасть текста на языках народов СССР
300##$aНумерация в обратном порядке
300##$aЧасть текста машинописная и рукописная, часть - напечатана типографским способом
461#0$1001796d4672-8a00-4986-b488-6e42273792cc
$12001
$aЦЕНТРАЛЬНЫЙ ИСПОЛНИТЕЛЬНЫЙ КОМИТЕТ СССР (ЦИК СССР).
$1251
$cФонд
$1852
$gР
$j3316
462#0$1001e365b2fb-f374-4764-a068-dc9012f0aaee
$12001
$aДела Секретариата Президиума ЦИК Союза ССР за 1926 г.
$vД. 654
$1251
$cОпись
$1852
$j19
60101$3RU\NLR\AUTH\880357276
$aСССР
$bЦИК
60102$3RU\NLR\AUTH\889946709
$aТашкентский университет им. В. И. Ленина
60102$aТашкентский университет им. В. И. Ленина. "Наука и Труд", студенческий кооператив
801#0$aRU
$bGA_RF
801#1$aRU
$bГлавНИВЦ
$c20221117
$2rusmarc
801#2$aRU
$bПБ им. Б.Н. Ельцина
$c20221227
$gRCR
$2rusmarc
852##$aГА РФ
$j654
937##$d181768980
$hГАРФ
035##$aRuPRLIB51069496
856##$uhttp://readingroom.main.prlib.ru/item.aspx?id_node=n181768980&mode=full
Формат отображения